[Event "Tata Steel-A 75th"]
[Site "Wijk aan Zee"]
[Date "2013.01.12"]
[Round "1"]
[White "Harikrishna, Pentala"]
[Black "Giri, Anish"]
[Result "1-0"]
[WhiteElo "2698"]
[BlackElo "2720"]
[Annotator "Sumets,A"]
[PlyCount "117"]
[EventDate "2013.01.12"]
[EventType "tourn"]
[EventRounds "13"]
[EventCountry "NED"]
[EventCategory "20"]
[SourceTitle "CBM 153"]
[Source "ChessBase"]
[SourceDate "2013.03.14"]
[SourceVersion "1"]
[SourceVersionDate "2013.03.14"]
[SourceQuality "1"]

1. e4 e6 2. d4 d5 3. Nc3 dxe4 4. Nxe4 Nd7 {This line is a bit passive but a
very reliable weapon for Black.} 5. Nf3 Ngf6 6. Nxf6+ Nxf6 7. g3 {Recently,
strong players have stopped looking for a direct refutation of Black's
strategy. Usually after 7.g3 White will not fight for a big advantage, but he
has a small initiative in the middlegame and a slightly better endgame.} b6 8.
Bg2 (8. Ne5 {This move doesn't promise any advantage for White:} Bb7 (8... Qd5
$5 9. Rg1 (9. Qf3 Qxf3 10. Nxf3 Bb7 11. Bb5+ c6 12. Be2 $11) 9... Bb7 10. Bg2 (
10. c3 $5 a6 11. Bg2 Ne4 12. Qe2 $14) 10... Ne4 $6 (10... Qa5+ $1 11. Bd2 (11.
Kf1 $5 Qa6+ 12. c4 $13) 11... Qa6 12. Bf1 Qa4 13. c3 Qxd1+ 14. Rxd1 $11 {
Finkel A}) 11. c4 Qa5+ 12. Kf1 Rd8 13. Bg5 (13. Bxe4 $1 Bxe4 14. Qh5 $1 Bd3+ (
14... g6 $2 15. Qh4 Bb7 16. Qf6) (14... Bg6 15. Qf3 Be7 16. h4 (16. Nc6 $6 Qa6
17. Nxd8 Qxc4+ 18. Kg2 Bxd8 $44) 16... Bf6 17. Bg5 $16) 15. Kg2 Be4+ 16. f3 Bg6
17. Qh4 Be7 18. Qxe7+ Kxe7 19. Nc6+ Kd7 20. Nxa5 bxa5 21. Bd2 $14) 13... f6 14.
Qg4 $6 (14. Bxe4 $1 Bxe4 15. Qh5+ g6 16. Qh3 $1 $16) 14... Nxg5 15. Bxb7 fxe5
16. Qxg5 Rxd4 17. Bd5 Bc5 18. Bc6+ Kf7 19. Qxe5 Rf8 20. Rg2 {1/2-1/2 Bezgodov,
A-Polovodin,I St Petersburg 2000}) 9. Bb5+ c6 10. Qf3 $6 (10. Be2 $11) (10.
Nxc6 $2 Qd5 11. Nxa7+ Kd8 $19) 10... Rc8 11. Bxc6+ $2 (11. Nxc6 Qd7 12. Ne5 (
12. d5 $2 a6 13. Be2 Rxc6 $19) 12... Bxf3 13. Bxd7+ Nxd7 14. Nxf3 Rxc2 $15)
11... Bxc6 $2 (11... Rxc6 12. Nxc6 Qc7 $19) 12. Nxc6 Qd7 13. Ne5 Qxd4 $15 {
Balogh,C-Borgo,G Pula 2003 1/2-1/2 (55)}) (8. Bb5+ {I believe that this check
is White's best chance to fight for an openning advantage} Bd7 9. Be2 (9. a4 $5
a6 10. Be2 Bc6 11. O-O Bd6 12. Ne5 Bxe5 13. dxe5 Qd5 14. Qxd5 Nxd5 15. a5 b5
16. Bd2 O-O-O 17. Rfd1 Rd7 18. f3 Ne7 19. Bb4 Rhd8 20. Bxe7 Rxe7 21. Kf2 $14 {
Zhigalko,S-Stupak,K Minsk BLR 2012 1/2-1/2 (52)}) 9... Bc6 (9... c5 $6 10. Ne5
cxd4 11. Qxd4 Bc5 12. Qh4 Qc7 13. Nxd7 Nxd7 14. Bd3 Rd8 15. O-O $14 {Sjugirov,
S-Timofeev,A Irkutsk 2010 0-1 (81)}) 10. O-O Bb7 (10... Bd6 11. Ne5 Bxe5 12.
dxe5 Qxd1 13. Rxd1 Nd7 14. f4 O-O-O 15. Be3 Nb8 16. Rxd8+ Rxd8 17. Rd1 Be4 18.
Rxd8+ Kxd8 19. c3 Nc6 20. h4 $14 {Vachier Lagrave,M-Meier,G Khanty-Mansiysk
2009 1/2-1/2 (67)}) 11. Ne5 a6 12. c4 Bd6 13. Bf3 Qc8 14. Bc6+ Bxc6 15. Nxc6
O-O 16. Qf3 $14 {Timofeev,A-Riazantsev,A Ulan Ude 2009 1/2-1/2 (36)}) 8... Bb7
9. O-O Bd6 {A rare, but logical move. Comparing it with 9...Be7 Black controls
better the important square e5. At the moment we don't have enough games to
make a conclusion about 9...Bd6.} (9... Be7 {I believe that after 9...Be7
Black has nothing to worry about. For example} 10. Qe2 (10. c4 O-O 11. b3 a5
12. Bb2 a4 13. Qe2 Ra6 14. Rfd1 Re8 15. Bc3 Ne4 16. Be1 axb3 17. axb3 Rxa1 18.
Rxa1 Bf6 $11 {Shirov,A-Anand,V Mainz 2004 1/2-1/2 (40)}) 10... O-O 11. Rd1 Qc8
12. c4 Re8 13. b3 c5 14. Bb2 cxd4 15. Rxd4 Qc7 16. Qe5 Rac8 17. Rad1 Bc6 18.
Qxc7 Rxc7 19. Ne5 Bxg2 20. Kxg2 Rec8 {1/2-1/2 Svidler,P-Gelfand,B Moscow 2001})
10. Qe2 (10. c4 O-O 11. Be3 Ng4 (11... c5 $5 12. dxc5 Bxc5 $11 13. Bxc5 bxc5)
12. Bg5 $6 Be7 $6 (12... Bxf3 $1 13. Bxf3 Qxg5 14. Bxg4 Rad8 $15 {Sooner or
later, White will have to push d5, then Back's bishop is very well located on
c5.}) 13. Bxe7 Qxe7 14. Qe2 Nf6 15. Rfe1 Rfe8 16. Rad1 Rad8 17. Ne5 Bxg2 18.
Kxg2 Rd6 19. b4 $14 {Pinter,E-Michalik,P Slovakia Ch Banska Stiavnica 2006 0-1
(40)}) 10... O-O 11. Rd1 h6 $146 {A logical novelty.} (11... Qc8 $6 12. Bg5 Ne4
13. Be3 Nf6 14. a4 (14. c4 $5 h6 15. Rac1 $14) 14... a5 15. c3 $6 (15. c4 $14)
15... h6 16. Rac1 Rd8 17. h3 Be4 18. Bf1 Qb7 $11 {Nakamura,H-Grachev,B Moscow
2010 Blitz 0 -1 (39)}) 12. c4 Qe7 13. Ne5 (13. b3 Rad8 14. Bb2 Rfe8 15. Ne5
Bxg2 16. Kxg2 Bxe5 $11) 13... Bxg2 14. Kxg2 Bxe5 15. Qxe5 ({Black also would
be OK if White decided to change the pawn structure by} 15. dxe5 Nd7 16. Bd2
Rfd8 17. Bc3 Nf8 18. Qe4 Rxd1 19. Rxd1 Rd8 $11) 15... Rfd8 16. Qe2 Rd7 17. Be3
Rad8 $11 {Black has managed to reach an equal game. If he could put a knight
on the square c6 or f5 he would get an advantage.} 18. Qf3 Ne8 {Black is
prepared to play 19...Nd6 20.b3 Nf5.} 19. b3 $1 Nd6 {[%emt 0:00:19] I don't
like this move.} ({I would recommend} 19... Qf6 $5 20. Qxf6 (20. Qe2 Nd6 21. d5
exd5 22. cxd5 (22. Rxd5 $4 Qxa1) 22... Qf5 $17) 20... Nxf6 $11) 20. d5 $1 {
Just in time.} Nf5 21. Re1 Qf6 22. dxe6 fxe6 (22... Qxe6 $6 23. Bg5 Nd4 24.
Rxe6 Nxf3 25. Bxd8 fxe6 26. Bxc7 Nh4+ 27. gxh4 Rxc7 28. Rd1 $16) 23. Bf4 Nh4+
24. gxh4 Rf8 25. Rad1 Rxd1 $6 {This is not the best solution. Black has got
some problems to make a draw.} (25... Rdf7 $1 26. Rd2 Qxf4 27. Qxf4 Rxf4 28.
Rxe6 R8f7 $1 (28... Rxh4 $6 29. Re7 Rg4+ 30. Kf1 $16) 29. h5 R4f5 $11) 26. Rxd1
Qxf4 27. Qxf4 Rxf4 28. Kg3 Rf5 (28... e5 29. Rd8+) 29. Rd8+ Kh7 (29... Rf8 30.
Rxf8+ Kxf8 31. h5 Ke7 {probably White could win the pawn endgame. For example}
32. Kf4 Kf6 33. Ke4 Ke7 34. b4 Kd6 35. f4 a6 36. a4 Kd7 37. Ke5 Ke7 38. f5 exf5
39. Kxf5 Kf7 40. Ke5 Ke7 41. Kd5 Kd7 42. h3 $18) 30. Rd7 Rc5 31. Re7 $1 {
White wins the e-pawn but he still has doubled h-pawns. That's why I believe
that the position is rather drawish.} Kg6 (31... e5 32. Kf3 a5 33. Ke4) 32.
Rxe6+ Kf7 33. Re4 a5 34. Kg4 Kf6 35. f4 c6 36. h5 b5 $1 37. a4 bxa4 38. bxa4
Rf5 39. Rd4 Rc5 40. h3 Ke6 41. Re4+ Kf6 42. h4 Rf5 43. Re8 Rc5 44. Ra8 Ke6 45.
Ra6 Kf6 $6 (45... Kf7 $1 {I don't see how White could win the game} 46. Kg3 Kf6
47. Kf3 Kf7 48. Ra7+ Kf8 $11 (48... Kf6 $6 49. Kg4)) 46. Ra7 $1 {Black is
forced to destroy his own fortress.} g6 (46... Rxc4 47. Rxa5 Rc1 48. Ra6 {
It is hard to say whether Black could draw here or not.}) 47. hxg6 Kxg6 48. Ra8
Kf6 $2 {The decisive mistake.} (48... h5+ $8 49. Kf3 Kf6 50. Ke3 Ke7 51. Kd4
Rf5 52. Ke4 Rc5 {It is still unclear how White wins.}) 49. Rf8+ Ke6 50. Re8+
Kf6 51. Re5 $1 Rxc4 52. Rf5+ Ke6 53. Rxa5 Kf6 54. Ra8 $18 c5 55. a5 Ra4 56. a6
c4 57. a7 Kg7 58. Kf3 c3 59. Ke3 1-0

[Event "Khanty-Mansiysk FIDE GP"]
[Site "Khanty-Mansiysk"]
[Date "2015.05.21"]
[Round "7"]
[White "Karjakin, Sergey"]
[Black "Jobava, Baadur"]
[Result "1/2-1/2"]
[WhiteElo "2753"]
[BlackElo "2699"]
[Annotator "Szabo,Kr"]
[PlyCount "63"]
[EventDate "2015.05.14"]
[EventType "tourn"]
[EventRounds "11"]
[EventCountry "RUS"]
[EventCategory "21"]
[SourceTitle "CBM 167"]
[Source "ChessBase"]
[SourceDate "2015.07.13"]
[SourceVersion "1"]
[SourceVersionDate "2015.07.13"]
[SourceQuality "1"]

1. e4 {[%emt 0:00:02]} e6 {[%emt 0:00:15]} 2. d4 {[%emt 0:00:11]} d5 {[%emt 0:
00:06]} 3. Nc3 {[%emt 0:00:06]} Nc6 {[%emt 0:00:10]} 4. e5 {[%emt 0:00:28]}
Nge7 {[%emt 0:00:23]} 5. Nf3 {[%emt 0:00:59]} Bd7 {[%emt 0:00:13]} 6. Ne2 {
[%emt 0:11:30]} Nf5 {[%emt 0:04:29]} 7. Ng3 {[%emt 0:06:19]} Nh4 {[%emt 0:00:
31]} 8. c3 {[%emt 0:00:05]} g6 $146 {[%emt 0:01:59] A novelty by Jobava.} (8...
f5 9. Nh5 (9. Ng5 $5) 9... Qe7 10. g3 Nxf3+ 11. Qxf3 Qf7 12. h4 Be7 {1/2
Riff-Rusev, Mulhouse 2010}) 9. Bf4 {[%emt 0:06:16]} f6 $5 {[%emt 0:08:05] A
very nice and brave decision by Jobava! Nevertheless he can find himself
facing a dangerous attack.} 10. Nxh4 {[%emt 0:05:20]} ({The engine suggests
the brilliant} 10. Nh5 $5 fxe5 (10... gxh5 $2 {is losing after} 11. Nxh4 $18 {
followed by Qxh5.}) 11. Nxe5 Bd6 12. Ng7+ Kf8 13. Bh6 Kg8 14. Nxd7 Qxd7 15. Qg4
Nf5 16. Nxf5 exf5 17. Qf3 Re8+ 18. Kd2 $36 {and White has some initiative.})
10... fxe5 {[%emt 0:00:14]} 11. Nxg6 {[%emt 0:00:05]} hxg6 {[%emt 0:00:04]} 12.
dxe5 {[%emt 0:00:17]} Qh4 {[%emt 0:02:15]} 13. Ne2 {[%emt 0:15:16] A logical
move, White frees the g3 square for the B, because he needs to protect the
e5-P.} (13. Qd2 {could have been met by} Be7 {followed by ...g5.}) 13... O-O-O
{[%emt 0:03:11]} ({In the event of} 13... g5 14. Bg3 Qe4 (14... Qh7 15. Nd4 $14
) 15. f3 Qe3 16. Qd2 Bc5 $13 {with an unclear position.}) 14. Qd2 {[%emt 0:10:
53]} (14. Bg3 {was also possible,} Qh7 15. Nd4 Kb8 16. h3 Bc5 17. Nf3 $14 {
and White looks slightly better.}) 14... Rh5 $5 {[%emt 0:15:06] A very
ambitious reaction. Black prepares for an exchange sacrifice.} (14... Bh6 {
was more solid,} 15. Bxh6 Rxh6 16. g3 Qe4 $1 $132 {with a double-edged
middlegame.}) 15. Ng3 {[%emt 0:04:51]} Rxe5+ {[%emt 0:01:28] Of course this
was the point of Black's previous move.} 16. Bxe5 {[%emt 0:02:43]} Nxe5 {
[%emt 0:00:06]} 17. Qe3 {[%emt 0:14:39]} Nc6 {[%emt 0:06:04]} 18. Bb5 {[%emt 0:
00:31]} Bh6 {[%emt 0:00:26]} 19. Qe2 {[%emt 0:00:52]} e5 {[%emt 0:00:52] Black
is an exchange down, but has nice counterplay for it.} 20. Rd1 {[%emt 0:01:45]}
a6 $1 {[%emt 0:13:02] The start of an interesting way.} 21. Bxa6 {[%emt 0:02:
35]} ({In the event of} 21. Bxc6 Bxc6 22. h3 {Prepares for Qg4 to exchange the
Qs.} (22. O-O e4 ({The tempting} 22... Bb5 $2 {is not so good, because of} 23.
Qxe5 Bxf1 24. Nxf1 $16 {and White is better.}) 23. Rfe1 Bf4 24. h3 $14 {
and probably White is slightly better.}) 22... Kb8 23. O-O Bf4 24. Rfe1 $14 {
and Black has some compensation, however only White can be better.}) 21... Ne7
$1 {[%emt 0:00:04] The correct reply.} ({Black can't accept the piece, because
of} 21... bxa6 $2 22. Qxa6+ Kb8 23. Rxd5 $18 {with a decisive attack.}) 22. Bb5
{[%emt 0:09:15]} (22. Bd3 $5) 22... c6 {[%emt 0:01:28]} 23. Qxe5 {[%emt 0:00:
09] Somehow White has to give up a piece, but there are a couple of ways to do
it.} (23. Bd3 e4 (23... Bf4 $5) 24. Bxe4 dxe4 25. Qxe4 Bf4 26. Rd4 Re8 27. O-O
$14 {and White's position is nice.}) 23... Bf4 {[%emt 0:02:29]} (23... cxb5
$142 {was more natural,} 24. Rd4 Qg5 25. Qxg5 Bxg5 26. O-O Bf6 27. Rd2 Be6 {
with a balanced position.}) 24. Rd4 {[%emt 0:03:05]} (24. Qd4 $142 {was more
accurate} cxb5 25. Ne2 Bg5 26. O-O Qxd4 27. Nxd4 {and this is also not too
much for White, but a slightly better version of the game.}) 24... Bxe5 {
[%emt 0:00:11]} 25. Rxh4 {[%emt 0:00:03]} cxb5 {[%emt 0:00:05]} 26. O-O {
[%emt 0:00:06]} Kc7 {[%emt 0:05:12]} 27. Re1 {[%emt 0:01:37]} Kd6 {[%emt 0:00:
31]} 28. Rh7 {[%emt 0:02:36]} Nc6 {[%emt 0:01:26] Black's pieces are active
and powerful, so he has enough play to hold his position.} 29. Rd1 {[%emt 0:02:
39]} Ke6 {[%emt 0:05:31]} 30. Re1 {[%emt 0:00:26]} Kd6 {[%emt 0:00:13]} 31. Rd1
{[%emt 0:00:05]} Ke6 {[%emt 0:00:14]} 32. Re1 {[%emt 0:00:19] What an
interesting game!} 1/2-1/2

[Event "Pamplona 15th"]
[Site "Pamplona"]
[Date "2005.12.27"]
[Round "5"]
[White "Tiviakov, Sergei"]
[Black "De la Riva Aguado, Oscar"]
[Result "1-0"]
[WhiteElo "2700"]
[BlackElo "2541"]
[Annotator "Tiviakov,S"]
[PlyCount "69"]
[EventDate "2005.12.23"]
[EventType "tourn"]
[EventRounds "7"]
[EventCountry "ESP"]
[EventCategory "16"]
[SourceTitle "CBM 111"]
[Source "ChessBase"]
[SourceDate "2006.04.04"]
[SourceVersion "1"]
[SourceVersionDate "2006.04.04"]
[SourceQuality "1"]

1. e4 e6 (1... c5 2. c3 d5 3. exd5 Qxd5 4. d4 e6 5. Nf3 Nf6 6. Na3 Qd8 7. Nc2
Nc6 8. Bd3 cxd4 9. Ncxd4 Nxd4 10. Nxd4 Bc5 11. O-O Bxd4 $6 (11... O-O 12. Nb3
$14) 12. Qa4+ $1 Ke7 13. cxd4 $16 {^^|^} Qd6 14. b3 Bd7 15. Qa5 b6 16. Qe5 Bc6
17. Rd1 h6 18. h3 Rhd8 19. a4 Qd5 20. Ba3+ Ke8 21. Bf1 Qxe5 22. dxe5 Rxd1 23.
Rxd1 Nd5 24. Rd3 a6 25. Rg3 {1/2-1/2 Tiviakov,S-Van Wely,L/Wijk aan Zee 2006})
2. d4 d5 3. Nd2 dxe4 4. Nxe4 Nd7 5. Nf3 Ngf6 6. Nxf6+ Nxf6 7. c3 c5 8. Be3 (8.
Bd3 $5 cxd4 $140 9. Nxd4 $14 {- B22, Tiviakov - van Wely,Wijk aan Zee 2006})
8... Qc7 9. Bd3 $5 (9. Bb5+ Bd7 10. Bxd7+ Nxd7 $11 11. d5 e5 {/\Bd6}) 9... Bd6
(9... Be7 10. O-O O-O 11. Ne5 {/\Qf3}) 10. O-O O-O $146 (10... Bd7 11. Qe2 (11.
dxc5 Bxc5 12. Bxc5 Qxc5 13. Re1 O-O 14. Ne5 Bc6 $11 {1/2-1/2 Delgado,N-Bruzón,
L/Cuba 2005/CT-1653 (88)}) 11... O-O 12. Rad1 $14 (12. Rfe1)) 11. Qe2 b6 $6 (
11... Bd7) (11... h6 $5 {/\b6}) 12. Bg5 $1 Bb7 $6 (12... Be7 $142 13. dxc5 (13.
Bxf6 Bxf6 14. dxc5 bxc5 15. Nd2 $14 (15. Qe4 g6 16. Qxa8 Bb7 17. Qxa7 Ra8 18.
Qxa8+ Bxa8 $44)) 13... bxc5 $8 (13... Qxc5 14. Bxf6 Bxf6 15. Qe4 $18) (13...
Bxc5 $5 14. Bxf6 gxf6 15. Qe4 f5 16. Qh4 $40 {>>}) 14. Ne5 $14 {><a7, c5}) (
12... cxd4 $5 13. Nxd4 $36 (13. cxd4 $5 Bb7 14. Bxf6 gxf6 15. Rac1 Qe7 16. Be4)
) 13. Bxf6 gxf6 14. Be4 $16 Rfd8 (14... cxd4 15. cxd4 $5 {/\Rad1-d3, |^[+]>>} (
15. Bxb7 Qxb7 16. Rad1 $16)) (14... Kh8 15. Rad1 $16) (14... Rad8 15. Rad1 $5 (
15. Bxb7 Qxb7 16. Rad1)) (14... f5 15. Bxb7 Qxb7 16. Rad1) 15. Rad1 Bf8 16.
Bxb7 Qxb7 17. Rd3 Bg7 (17... cxd4 18. Nxd4 Kh8 19. Rfd1 $16) 18. Rfd1 f5 (18...
cxd4 19. Nxd4 $16) 19. d5 $1 Rxd5 (19... c4 $5 20. R3d2 Bh6 21. Rd4 Bg7 22. d6
$1 (22. Rxc4 Rxd5 $11) 22... Bxd4 23. Rxd4 $16 {~/= o^d6, /\Ne5, עg8, ><c4}) (
19... exd5 20. Nh4) 20. Rxd5 exd5 21. Nh4 (21. Qd3 $16) 21... Qd7 22. Qd3 (22.
Qf3 $16) (22. Qh5 $6 Re8 23. Nxf5 Re5 $14) 22... Re8 23. Nxf5 Qe6 24. h3 $5 Rd8
25. Kf1 Bf8 26. Re1 Qc6 (26... Qf6 $142 $16) 27. Re7 $1 $18 Qf6 28. Rxa7 Kh8
29. Qf3 d4 (29... Qe6 $142) 30. Ra8 dxc3 (30... Rxa8 31. Qxa8 Kg8 32. Qf3 dxc3
33. Qg3+ Qg6 34. bxc3 $18) 31. Rxd8 Qxd8 32. Qxc3+ Kg8 33. Qf3 Qd2 $138 (33...
b5 $142) 34. Qg3+ Kh8 35. Qc3+ 1-0

[Event "Budapest zt-playoff"]
[Site "Budapest"]
[Date "1995.??.??"]
[Round "5"]
[White "Almasi, Zoltan"]
[Black "Istratescu, Andrei"]
[Result "1-0"]
[WhiteElo "2590"]
[BlackElo "2505"]
[Annotator "Tompa,J"]
[PlyCount "43"]
[EventDate "1995.03.??"]
[EventType "tourn"]
[EventRounds "4"]
[EventCountry "HUN"]
[EventCategory "11"]
[SourceTitle "CBM 048"]
[Source "ChessBase"]
[SourceDate "1995.10.01"]
[SourceVersion "1"]
[SourceVersionDate "1995.10.01"]
[SourceQuality "1"]

1. e4 e6 2. d4 d5 3. Nc3 dxe4 4. Nxe4 Nd7 5. Nf3 Ngf6 6. Nxf6+ Nxf6 7. Be3 $5
Be7 8. Qd2 O-O (8... Nd5 9. Bg5 $5 {Almasi,Z}) 9. O-O-O b6 10. Ne5 Bb7 11. Bb5
$6 Qc8 $1 $13 12. f3 c6 $1 13. Ba4 $6 c5 $2 (13... Nd5 14. c4 (14. Bf2 b5 15.
Bb3 a5 16. a4 Rd8 $15) 14... Nxe3 15. Qxe3 b5 $1 16. Bc2 bxc4 17. Qe4 f5 (17...
g6 18. h4 c5 19. Qg4 f5 $1 {Istratescu}) 18. Qe2 c5 $15) 14. dxc5 $1 bxc5 15.
Bg5 Rd8 16. Qa5 $1 $14 h6 17. Bh4 Rd5 18. Rxd5 exd5 19. Re1 $36 Bd8 $8 20. Qd2
(20. Qb5 $5) 20... Ne4 $4 (20... Qc7 $8 21. Bg3 (21. c4 dxc4 $1 $8 {/\ Ne4<=>})
21... Qa5 22. Qxa5 Bxa5 23. Rd1 Bc7 $132) 21. Qf4 $1 $18 Nf6 (21... Bxh4 22.
Qxf7+ Kh7 23. Rxe4 dxe4 24. Bd7 $18) (21... Bg5 22. Bxg5 Nxg5 23. h4 $18) 22.
Be8 $1 1-0

[Event "Bonn GSK"]
[Site "Bonn"]
[Date "1995.??.??"]
[Round "7"]
[White "Kveinys, Aloyzas"]
[Black "Kertesz, Alfred"]
[Result "1-0"]
[WhiteElo "2525"]
[BlackElo "2365"]
[Annotator "Von Gleich,A"]
[PlyCount "125"]
[EventDate "1995.??.??"]
[EventType "tourn"]
[EventRounds "11"]
[EventCountry "GER"]
[EventCategory "8"]
[SourceTitle "CBM 045"]
[Source "ChessBase"]
[SourceDate "1995.04.01"]
[SourceVersion "1"]
[SourceVersionDate "1995.04.01"]
[SourceQuality "1"]

1. e4 e6 2. d4 d5 3. Nd2 dxe4 4. Nxe4 Bd7 5. Nf3 Bc6 6. Bd3 Nd7 7. O-O Ngf6 8.
Ng3 Bxf3 9. Qxf3 c6 10. b3 Be7 11. Bb2 O-O 12. Rfe1 Re8 13. c4 Bf8 14. h4 Qa5
15. a3 Rad8 16. Bc2 b5 17. c5 Nd5 18. Ne4 Qc7 19. Bc1 Be7 $6 (19... e5 20. Ng5
N7f6 $13) 20. Ng5 $1 Bxg5 21. hxg5 $6 {der weiße Angriffsplan (g2-g3, Kg1-g2,
Te1-h1 h-Linie ) erweist sich wegen der weißen Unterentwicklung als zu langsam}
(21. Bxg5 $1 N7f6 22. h5 $1 $16 h6 23. Bd2 {mit der Idee, g4-g5 folgen zu
lassen.}) 21... Nf8 22. g3 e5 $1 23. dxe5 Rxe5 24. Bd2 Ne6 25. Rxe5 Qxe5 26.
Re1 Qd4 (26... Qb2 $2 27. Bxh7+ Kxh7 28. Qxf7 Qxd2 29. Rxe6 Qxg5 (29... Kh8 30.
Re4) 30. Re4 $1 $18) 27. Bc1 {[#]} (27. Ba5 Rf8 28. Rxe6 fxe6 29. Bxh7+ Kxh7
30. Qxf8 $13) 27... Qxc5 28. Qe4 Nf8 29. Bb2 Nc3 $6 (29... Ng6 30. b4 Qe7) 30.
Qf4 Nd5 31. Qe5 f6 32. gxf6 gxf6 33. Qf5 Qd6 34. Re4 Rd7 35. Re8 Rg7 36. Bc1
Re7 37. Rc8 Nb6 38. Bf4 Qe6 39. Rb8 Qxf5 40. Bxf5 Kf7 41. Bd6 Re1+ 42. Kg2 Nfd7
43. Rb7 (43. Rh8 $1 Rd1 44. Rxh7+ Kg8 45. Bb4) 43... Ke8 44. Rxa7 Ra1 45. a4 (
45. Bxh7 Nc8 46. Bg6+ Kd8 47. Bc7+ Ke7 48. Ra8 Nd6 49. a4 $18) 45... bxa4 46.
bxa4 Rd1 47. Bf4 Nc5 48. a5 Nd5 49. Bh6 Ra1 50. Bg7 Ra2 51. Bb1 Ra4 52. Bxh7
Ne6 53. Bh6 c5 54. Bc2 Ra3 55. Bc1 Ra1 56. Bb3 Nec7 57. Bb2 Rb1 58. Bxd5 Nxd5
59. Rb7 Nc7 60. Rxc7 Rxb2 61. a6 Ra2 62. a7 Kd8 63. Rb7 1-0

[Event "Olympiad-31"]
[Site "Moscow"]
[Date "1994.12.09"]
[Round "8.1"]
[White "Gelfand, Boris"]
[Black "Godena, Michele"]
[Result "1-0"]
[WhiteElo "2680"]
[BlackElo "2485"]
[Annotator "Wahls,M"]
[PlyCount "61"]
[EventDate "1994.12.01"]
[EventType "team-swiss"]
[EventRounds "14"]
[EventCountry "RUS"]
[SourceTitle "CBM 045"]
[Source "ChessBase"]
[SourceDate "1995.04.01"]
[SourceVersion "1"]
[SourceVersionDate "1995.04.01"]
[SourceQuality "1"]
[WhiteTeam "Belarus"]
[BlackTeam "Italy"]
[WhiteTeamCountry "BLR"]
[BlackTeamCountry "ITA"]

1. e4 e6 2. d4 d5 3. Nc3 dxe4 4. Nxe4 Bd7 5. Nf3 Bc6 6. Bd3 Nd7 7. O-O Ngf6 8.
Ned2 $5 {Weiß darf es aufgrund der dabei entstehenden Verflachung nicht
zulassen,daß ihm wie z.B. nach 8.De2?! zu viele Leichtfiguren vom Brett
genommen werden.Populärer,jedoch kaum besser als der Partiezug sind das
unternehmungslustige 8.Neg5 und das ruhigere 8.Ng3.} Be7 9. Re1 O-O 10. Nc4 $5
{Häufiger wird hier 10.c4 mit der Folge b3 und Bb2 gespielt.Gelfands Zug nimmt
das neuralgische Feld e5 in Augenschein,Was der Stellung ein eigenes Gepräge
verleiht.} Bb5 (10... b6 11. Nce5 Nxe5 12. dxe5 Nd7 13. Nd4 Bb7 14. Qg4 Re8 15.
Bh6 Bf8 16. Bg5 Be7 17. h4 Bxg5 18. hxg5 Nf8 19. Bb5 Re7 20. Nc6 Bxc6 21. Bxc6
Rb8 22. Rad1 Qc8 23. Rd3 b5 24. Red1 Ng6 25. Qd4 h6 26. gxh6 gxh6 27. Rh3 Qf8
28. Be4 a6 29. Rg3 Kg7 30. Rdd3 Rc8 31. Rdf3 Qd8 32. Qc5 Qd1+ 33. Kh2 Rd7 34.
Qc6 Re8 35. Bxg6 fxg6 36. Qe4 g5 37. Rf6 Rg8 38. Rh3 {1-0 Smirin,I-Chernin,A/
Moscow PCA-op 25' (05) ;EXP 40 1994}) 11. c3 (11. Bg5 c5 12. Qe2 Rc8 13. Rad1
Qc7 14. b3 Ba6 15. Nfe5 cxd4 16. Nxd7 Qxd7 17. Ne5 Bxd3 18. Nxd7 Bxe2 19. Rxe2
Nxd7 20. Bxe7 Rfe8 21. Bb4 e5 22. f4 f6 23. fxe5 Nxe5 24. Kf1 Ng4 25. Rxe8+
Rxe8 26. Rxd4 Ne3+ 27. Kf2 Nxc2 28. Rc4 Nxb4 29. Rxb4 b6 30. Rc4 Re7 31. b4 Kf7
32. a4 Ke6 33. Kf3 Kd5 34. Rc8 Kd6 35. Rg8 Rc7 {Fette,M-Illner,A/BL 9293 (1992)
;BL 1993/0-1 (56)}) 11... c5 12. Bf4 cxd4 13. Nxd4 Bxc4 14. Bxc4 e5 15. Nf5 $1
$14 (15. Bxe5 Nxe5 16. Rxe5 Bd6 17. Re3 Qc7 (17... Bxh2+ $2 18. Kxh2 Qc7+ 19.
Rg3 Qxc4 20. Qf3 $36)) 15... Bc5 16. Bg5 e4 (16... Qb6) 17. Bf4 Nb6 18. Bb3
Nbd5 19. Bg5 Qd7 20. Ng3 e3 21. fxe3 h6 22. Bxf6 Nxf6 23. Qf3 Qe7 24. Nf5 Qe5
25. Re2 Rad8 26. Rf1 Kh7 27. Qxb7 Ng4 28. g3 Nxe3 29. Nxe3 Bxe3+ 30. Kh1 Qc5
31. Qe4+ 1-0

[Event "BCF-ch 84th"]
[Site "Hove"]
[Date "1997.08.05"]
[Round "2"]
[White "McShane, Luke J"]
[Black "Lee, Graham D"]
[Result "1-0"]
[WhiteElo "2455"]
[BlackElo "2350"]
[Annotator "Wall,G"]
[PlyCount "47"]
[EventDate "1997.08.04"]
[EventType "swiss"]
[EventRounds "11"]
[EventCountry "ENG"]
[SourceTitle "EXT 1999"]
[Source "ChessBase"]
[SourceDate "1998.11.16"]
[SourceVersion "1"]
[SourceVersionDate "1998.11.16"]
[SourceQuality "1"]

1. e4 e6 2. d4 d5 3. Nd2 dxe4 4. Nxe4 Nd7 5. Nf3 Ngf6 6. Nxf6+ Nxf6 7. Bd3 b6
8. O-O Bb7 9. b3 Be7 10. c4 O-O 11. Bb2 c5 12. dxc5 bxc5 (12... Bxc5 13. Ng5 h6
$140 $2 14. Bxf6 Qxf6 15. Nh7) 13. Qe2 Qc7 14. Rad1 Qc6 15. Qe5 $1 Rfd8 (15...
Bd6 16. Bxh7+ Kxh7 17. Rxd6) 16. Qg3 h6 17. Rfe1 a5 $6 (17... Rac8 $142 {Qc7})
18. Ne5 Qc7 $2 19. Bc1 Nh5 20. Qh3 Nf6 21. Bxh6 $1 gxh6 22. Qg3+ Ng4 23. Qxg4+
Kf8 24. Qf4 1-0